[Event "FICGS W-ch st1 g16 email"]
[Site "FICGS email"]
[Date "2006.07.01"]
[Round "1"]
[White "Eizenhammer, Peter"]
[Black "Prencipe, Gaetano"]
[Result "1-0"]
[WhiteElo "2150"]
[BlackElo "1494"]
[PlyCount "39"]
[EventDate "2006.??.??"]
[EventType "tourn (corr)"]
[EventRounds "8"]
[SourceTitle "Corr 2022"]
[Source "ChessBase"]
[SourceDate "2021.10.24"]
[SourceVersion "1"]
[SourceVersionDate "2021.10.24"]
[SourceQuality "1"]

1. e4 d5 2. exd5 Qxd5 3. Nc3 Qd6 4. d4 Nf6 5. Nf3 a6 6. Ne5 Nc6 7. Nxc6 Qxc6 8. d5 Qd6 9. Be3 Bf5 10. Qd4 e5 11. Qa4+ Bd7 12. Qb3 Qb4 13. Be2 Qxb3 14. axb3 Bb4 15. 0-0-0 0-0-0 16. f3 Bf5 17. Na2 Be7 18. c4 c6 19. dxc6 bxc6 20. Nc3 1-0

[Event "FICGS W-ch st1 g16 email"]
[Site "FICGS email"]
[Date "2006.07.01"]
[Round "1"]
[White "Gomes, Sergio Augusto S"]
[Black "Prencipe, Gaetano"]
[Result "1-0"]
[WhiteElo "1793"]
[BlackElo "1494"]
[PlyCount "59"]
[EventDate "2006.??.??"]
[EventType "tourn (corr)"]
[EventRounds "8"]
[SourceTitle "Corr 2022"]
[Source "ChessBase"]
[SourceDate "2021.10.24"]
[SourceVersion "1"]
[SourceVersionDate "2021.10.24"]
[SourceQuality "1"]

1. e4 d5 2. exd5 Qxd5 3. Nc3 Qd6 4. d4 Nf6 5. Nf3 a6 6. g3 Bg4 7. Bg2 Nc6 8. 0-0 0-0-0 9. d5 Nb4 10. Bf4 Qc5 11. Be3 Qa5 12. h3 Bxf3 13. Qxf3 Nbxd5 14. Bd4 c6 15. Rfd1 Nc7 16. Bxf6 Rxd1+ 17. Rxd1 exf6 18. Qd3 Bb4 19. Qd7+ Kb8 20. Qxf7 Re8 21. Qxg7 Bxc3 22. bxc3 Qf5 23. Bf1 Qg6 24. Rd7 Qxg7 25. Rxg7 h5 26. Rh7 Re5 27. c4 Ra5 28. h4 Ne6 29. c3 Nd8 30. Kg2 1-0

[Event "FICGS W-ch st1 g16 email"]
[Site "FICGS email"]
[Date "2006.07.01"]
[Round "1"]
[White "Prencipe, Gaetano"]
[Black "Hoppenstein, Michael"]
[Result "0-1"]
[WhiteElo "1494"]
[BlackElo "1817"]
[PlyCount "52"]
[EventDate "2006.??.??"]
[EventType "tourn (corr)"]
[EventRounds "8"]
[SourceTitle "Corr 2022"]
[Source "ChessBase"]
[SourceDate "2021.10.24"]
[SourceVersion "1"]
[SourceVersionDate "2021.10.24"]
[SourceQuality "1"]

1. d4 Nf6 2. Nf3 d5 3. e3 Bg4 4. Nbd2 Nbd7 5. c4 c6 6. Qc2 e6 7. Bd3 Bd6 8. 0-0 0-0 9. b3 e5 10. dxe5 Nxe5 11. Bb2 Nxd3 12. Qxd3 Be7 13. Rac1 dxc4 14. Qxc4 Be6 15. Qc2 Qa5 16. Nc4 Qh5 17. Nd4 Bd7 18. e4 Rad8 19. f3 Rfe8 20. Rcd1 h6 21. Rd3 Bc5 22. Rfd1 Be6 23. Ne3 Bb6 24. Nxe6 Rxd3 25. Rxd3 fxe6 26. Qd2 e5 0-1

[Event "FICGS W-ch st1 g16 email"]
[Site "FICGS email"]
[Date "2006.07.01"]
[Round "1"]
[White "Sarihan, Sefa"]
[Black "Prencipe, Gaetano"]
[Result "1-0"]
[WhiteElo "1000"]
[BlackElo "1494"]
[PlyCount "29"]
[EventDate "2006.??.??"]
[EventType "tourn (corr)"]
[EventRounds "8"]
[SourceTitle "Corr 2022"]
[Source "ChessBase"]
[SourceDate "2021.10.24"]
[SourceVersion "1"]
[SourceVersionDate "2021.10.24"]
[SourceQuality "1"]

1. e4 d5 2. exd5 Qxd5 3. Nf3 Nf6 4. Nc3 Qd6 5. Bc4 a6 6. 0-0 Bf5 7. d4 Nc6 8. Bg5 h6 9. Bxf6 gxf6 10. Re1 0-0-0 11. d5 Ne5 12. Nxe5 fxe5 13. Qf3 Bxc2 14. Qxf7 h5 15. Rac1 1-0